000 00474nam a2200181Ia 4500
005 20250326123617.0
008 250326s9999 xx 000 0 und d
037 _aTextbook
040 _aFMSL
_beng
_cFMSL
041 _aeng
_2eng
084 _aB2817 L8
_qFMSL
100 _aWilliams B
_9735619
245 0 _aSampler on sampling
_cWilliams B
260 _aNY
_bNY, John Wiley
_c1978
300 _a254p
942 _cTB
_hB2817 L8
999 _c1270150
_d1270150